Neden hayır? (Record no. 666)

MARC details
000 -BAŞLIK
Sabit Uzunlukta Kontrol Alanı 01230na a2200349 4500
999 ## - SİSTEM KONTROL NUMARALARI (KOHA)
Koha Biblionumber 666
Koha Biblioitemnumber 666
001 - KONTROL NUMARASI
Denetim Alanı 19786
003 - KONTROL NUMARASI IDENTIFIER
Denetim Alanı MIRAKIL
005 - SON İŞLEM TARİHİ VE ZAMANI
Denetim Alanı 20210407150924.0
008 - SABİT-BOY VERİ ELEMANLARI - GENEL BİLGİLER
Sabit Uzunlukta Kontrol Alanı 161227b tu 000 0
035 ## - SİSTEM KONTROL NUMARASI
Sistem Kontrol Numarası 19786
040 ## - KATALOGLAMA KAYNAK
Orijinal Kataloglama Ajansı Milas
Kataloglama Dili tur
Metne Dönüştürmek Ajansı TR-AnCHP
041 ## - DİL KODU
Metin / Ses Parça Veya Ayrı Başlığın Dil Kodu tur
082 ## - DEWEY ONLU SINIFLANDIRMA NUMARASI
Sınıflandırma Numarası CHP 324.6
Ürün Numarası K44n 2010
090 ## - SINIFLAMA NUMARASI
Sınıflama Numarası BROŞÜR 145
100 ## - ANA GİRİŞ - KİŞİSEL İSİM
Kişisel Ad Kılıçdaroğlu, Kemal
Bir Adıyla İlişkilendirilen Başlıklar Ve Kelimeler CHP Genel Başkanı
245 ## - BAŞLIK TABLOSU
Başlık Neden hayır?
Sorumluluk Tablosu, Vb Kemal Kılıçdaroğlu
260 ## - YAYIN, DAĞITIM, VB
Yayın, Dağıtım, Vb Yeri Ankara
Yayıncı, Dağıtıcı, Vs Adı CHP
Yayın, Dağıtım, Vb Tarihi 2010
300 ## - FİZİKSEL TANIM
Kapsam 20 s.
Diğer Fiziksel Ayrıntıları rnkl. fotg.
Boyutlar 20 sm.
440 ## - SERİSİ TABLOSU / KATMA GİRİŞİ - BAŞLIK
Başlık Cumhuriyet Halk Partisi yayınları
Bir İşin Parçası / Bölümün İsmi Seçim propagandası
500 ## - GENEL NOT
Genel Not Arka kapakta adı : AKP'y hayır! Oyum hayır!
500 ## - GENEL NOT
Genel Not Ara kapakta adı : Oyunuz hayırlı olsun!
600 ## - KONU KATMA GİRİŞ - KURUMSAL ADI
Kişisel Ad Kılıçdaroğlu, Kemal
Genel Alt Bölümü İktidar eleştirisi
Kronolojik Alt Bölümü Referandum, 2010
610 ## - KONU KATMA GİRİŞ - TOPLANTI ADI
Giriş Elemanı Olarak Kurumsal Ad Veya Yargı Alanı Adı CHP
Genel Alt Bölüm İktidar eleştirisi
Kronolojik Alt Bölüm Referandum, 2010
651 ## - KONU KATMA GİRİŞ - COĞRAFİ ADI
Coğrafi İsim Türkiye
Genel Alt Bölümü Anayasa değişikliği
Kronolojik Alt Bölümü Referandum, 2010
651 ## - KONU KATMA GİRİŞ - COĞRAFİ ADI
Coğrafi İsim Türkiye
Genel Alt Bölümü Seçim sistemleri
Coğrafi Alt Bölümü Referandum, 2010
740 ## - KATMA GİRİŞ - KONTROLSUZ İLGİLİ / ANALİTİK BAŞLIK
Kontrol Edilmeyen / İlgili Analitik Başlıktaki Oyunuz hayırlı olsun
830 ## - SERİSİ EKLENDİ GİRİŞ - ÜNİFORM ADI
Üniforma Başlık CHP broşürleri
942 ## - EKLENDİ GİRİŞ ELEMANLARI (KOHA)
Koha Öğesi Türü Books
999 ## - SİSTEM KONTROL NUMARALARI (KOHA)
Koha Biblioitemnumber 666
Holdings
Kalıcı Konum Mevcut Konum Edinme Tarihi Edinim Kaynak Toplam Check-Out'Lar Tam Çağrı Numarası Barkod Tarih Son Görülme İtibaren Geçerli Fiyatlar Koha Öğesi Türü
CHP Kütüphanesi CHP Kütüphanesi 12/27/2016 Bağış   BROŞÜR 145 011283 12/27/2016 12/27/2016 Visual Material